[Event "Catalunya-chT Honor"]
[Site "Catalunya"]
[Date "2013.04.13"]
[Round "11.4"]
[White "Gallego, Ruben"]
[Black "Sanchez Ibern, Marc"]
[Result "0-1"]
[WhiteElo "2247"]
[BlackElo "2356"]
[PlyCount "46"]
[EventDate "2013.01.19"]
[EventType "team-tourn"]
[EventRounds "11"]
[EventCountry "ESP"]
[SourceTitle "EXT 2014"]
[Source "ChessBase"]
[SourceDate "2013.11.20"]
[SourceVersion "1"]
[SourceVersionDate "2013.11.20"]
[SourceQuality "1"]
[WhiteTeam "Andorra"]
[BlackTeam "Foment Martinenc"]
[WhiteTeamCountry "AND"]
[BlackTeamCountry "ESP"]

1. e4 c5 2. Nf3 Nc6 3. d4 cxd4 4. Nxd4 Nf6 5. Nc3 d6 6. Bc4 e6 7. Be3 Be7 8. Qe2 Bd7 9. 0-0-0 Rc8 10. Ndb5 Qa5 11. Nxd6+ Bxd6 12. Rxd6 Ne5 13. Bb3 Rxc3 14. Bd2 Qc5 15. Bxc3 Qxd6 16. f4 Nc6 17. e5 Qc7 18. exf6 Qxf4+ 19. Kb1 gxf6 20. g3 Qg5 21. h4 Qxg3 22. Bxf6 Rg8 23. c3 Qg6+ 0-1

[Event "EU Small Countries ol"]
[Site "Andorra"]
[Date "2009.06.26"]
[Round "8"]
[White "Hamperl, Fred A"]
[Black "Gallego, Ruben"]
[Result "0-1"]
[WhiteElo "2075"]
[BlackElo "2235"]
[PlyCount "98"]
[EventDate "2009.06.21"]
[EventType "team"]
[EventRounds "9"]
[EventCountry "AND"]
[SourceTitle "CBM 130 Extra"]
[Source "ChessBase"]
[SourceDate "2009.07.02"]
[SourceVersion "2"]
[SourceVersionDate "2009.07.15"]
[SourceQuality "1"]

1. e4 c5 2. Nc3 Nc6 3. Bb5 g6 4. Bxc6 dxc6 5. d3 Bg7 6. f4 Nf6 7. Nf3 0-0 8. 0-0 Bg4 9. h3 Bxf3 10. Qxf3 Ne8 11. Be3 b6 12. Rae1 Nc7 13. f5 Nb5 14. Nxb5 cxb5 15. c3 Qxd3 16. Rd1 Qc4 17. Rd7 Rfe8 18. e5 Rad8 19. e6 Rxd7 20. exd7 Rd8 21. Rd1 gxf5 22. Bf4 e5 23. Bg5 f6 24. Bc1 Qe6 25. Qb7 Kf7 26. Qxa7 Ke7 27. Be3 f4 28. Bf2 e4 29. Bxc5+ bxc5 30. Qxc5+ Kf7 31. Rd6 Qe7 32. Qd5+ Kf8 33. Kf1 f3 34. gxf3 exf3 35. Qd3 Bh6 36. Rd5 Be3 37. h4 Qe6 38. Qf5 Qxf5 39. Rxf5 f2 40. Ke2 Ba7 41. Rxf6+ Ke7 42. Rh6 Rg8 43. Rxh7+ Kd8 44. Rf7 Rg1 45. Rxf2 Bxf2 46. Kxf2 Ra1 47. Ke3 Rxa2 48. b3 Kxd7 49. Kd4 Kc6 0-1

[Event "Andbanc Quad 1st"]
[Site "Andorra"]
[Date "2004.05.29"]
[Round "2"]
[White "Munoz Perez, Ivan"]
[Black "Gallego, Ruben"]
[Result "1/2-1/2"]
[WhiteElo "2251"]
[BlackElo "2267"]
[PlyCount "43"]
[EventDate "2004.05.29"]
[EventType "team"]
[EventRounds "3"]
[EventCountry "AND"]
[SourceTitle "CBM 100 Extra"]
[Source "ChessBase"]
[SourceDate "2004.07.06"]
[SourceVersion "2"]
[SourceVersionDate "2004.07.06"]
[SourceQuality "1"]

1. e4 c5 2. Nc3 Nc6 3. g3 g6 4. Bg2 Bg7 5. d3 d6 6. Be3 e6 7. Qd2 Nd4 8. Nf3 Ne7 9. 0-0 0-0 10. Bh6 e5 11. Bxg7 Kxg7 12. Ne1 Be6 13. f4 f6 14. Nd1 Qd7 15. c3 Ndc6 16. Nf3 Rad8 17. d4 cxd4 18. cxd4 Nxd4 19. Nxd4 exd4 20. Qxd4 Nc6 21. Qd2 d5 22. exd5 1/2-1/2

[Event "Catalunya-chT"]
[Site "Spain"]
[Date "2003.??.??"]
[Round "7"]
[White "Gallego, Ruben"]
[Black "Collado Pallas, David"]
[Result "1-0"]
[WhiteElo "2281"]
[BlackElo "2185"]
[PlyCount "111"]
[EventDate "2003.??.??"]
[EventType "team"]
[EventRounds "9"]
[EventCountry "ESP"]
[SourceTitle "EXT 2007"]
[Source "ChessBase"]
[SourceDate "2006.11.23"]
[SourceVersion "1"]
[SourceVersionDate "2006.11.23"]
[SourceQuality "1"]

1. e4 c6 2. d4 d5 3. Nc3 dxe4 4. Nxe4 Nf6 5. Ng3 e5 6. Nf3 exd4 7. Qxd4 Qxd4 8. Nxd4 Bc5 9. c3 0-0 10. Be2 Bxd4 11. cxd4 Be6 12. 0-0 Rd8 13. Rd1 Nbd7 14. Be3 Nb6 15. f3 Nbd5 16. Bf2 Nf4 17. Bf1 Bd5 18. Nf5 Rd7 19. Bh4 Rad8 20. Nh6+ Kf8 21. Ng4 Nxg4 22. Bxd8 Ne3 23. Re1 Nc2 24. Ba5 Ne6 25. Bc3 Nxa1 26. Rxa1 a6 27. a4 Bb3 28. Ra3 Bd5 29. a5 f6 30. Bd3 g6 31. Kf2 Kf7 32. h4 f5 33. Ra4 Kf6 34. g3 h6 35. Ra1 Kf7 36. h5 gxh5 37. Bxf5 Kf6 38. Bd3 Ng5 39. Be2 Re7 40. Bd2 Nh3+ 41. Kf1 Ng5 42. Ra3 Kg7 43. Bf4 Kg8 44. Be5 Rf7 45. f4 h4 46. Bh5 Rf8 47. gxh4 Ne4 48. Bg6 Nd2+ 49. Ke2 Nc4 50. Rg3 Nxe5 51. fxe5 Rf4 52. Be4+ Kh8 53. Bxd5 cxd5 54. e6 Rf8 55. h5 Rf4 56. e7 1-0

[Event "Olympiad-35"]
[Site "Bled"]
[Date "2002.11.10"]
[Round "14.4"]
[White "Mehmeti, Dritan"]
[Black "Gallego, Ruben"]
[Result "0-1"]
[WhiteElo "2302"]
[BlackElo "2269"]
[PlyCount "156"]
[EventDate "2002.10.26"]
[EventType "team-swiss"]
[EventRounds "14"]
[EventCountry "SLO"]
[SourceTitle "EXT 2003"]
[Source "ChessBase"]
[SourceDate "2002.11.25"]
[SourceVersion "1"]
[SourceVersionDate "2002.11.25"]
[SourceQuality "1"]
[WhiteTeam "Albania"]
[BlackTeam "Andorra"]
[WhiteTeamCountry "ALB"]
[BlackTeamCountry "AND"]

1. d4 g6 2. e4 Bg7 3. Nc3 c6 4. Be3 d5 5. Qd2 dxe4 6. Nxe4 Nd7 7. 0-0-0 Ngf6 8. f3 0-0 9. h4 Nxe4 10. fxe4 Nf6 11. Bd3 Ng4 12. Nf3 Nxe3 13. Qxe3 Bg4 14. e5 c5 15. dxc5 Qc7 16. h5 Rac8 17. hxg6 hxg6 18. e6 f5 19. Nh4 Qxc5 20. Qxc5 Rxc5 21. Rde1 Bh6+ 22. Kb1 Kg7 23. Nf3 Bf4 24. c4 a5 25. Kc2 Rd8 26. b3 Rc6 27. Ne5 Rcd6 28. Nd7 Bg3 29. c5 R6xd7 30. exd7 Bxe1 31. Rxe1 Rxd7 32. Re6 Rc7 33. Bc4 f4 34. Rb6 Bf5+ 35. Kc3 Be4 36. Bd3 Bc6 37. a3 e5 38. b4 axb4+ 39. axb4 e4 40. Bc2 f3 41. gxf3 exf3 42. b5 f2 43. Bd3 Be4 44. Bf1 Bf3 45. Kd4 Re7 46. c6 bxc6 47. bxc6 Re1 48. c7 Bg4 49. Bd3 f1Q 50. Bxf1 Rxf1 51. Rc6 Rf8 52. Rb6 Re8 53. Rb8 Bc8 54. Rb5 Kf6 55. Rb6+ Be6 56. Kc5 g5 57. Kd4 g4 58. Ke3 Ke7 59. Kf4 Kd7 60. Rb8 Rc8 61. Ke5 Rxc7 62. Rh8 Rc5+ 63. Kf4 Ke7 64. Rh7+ Kf6 65. Rh6+ Kf7 66. Kg3 Bf5 67. Kf4 Bc8 68. Rh8 Rc4+ 69. Kg3 Rc3+ 70. Kf4 Rc4+ 71. Kg3 Be6 72. Rh6 Rc3+ 73. Kf4 Rf3+ 74. Kg5 g3 75. Rh7+ Kf8 76. Rh1 g2 77. Rg1 Rf2 78. Kh4 Bd5 0-1

[Event "Olympiad-35"]
[Site "Bled"]
[Date "2002.10.31"]
[Round "6.4"]
[White "Frey Beckman, Kenneth"]
[Black "Gallego, Ruben"]
[Result "0-1"]
[WhiteElo "2405"]
[BlackElo "2269"]
[PlyCount "80"]
[EventDate "2002.10.26"]
[EventType "team-swiss"]
[EventRounds "14"]
[EventCountry "SLO"]
[SourceTitle "EXT 2003"]
[Source "ChessBase"]
[SourceDate "2002.11.25"]
[SourceVersion "1"]
[SourceVersionDate "2002.11.25"]
[SourceQuality "1"]
[WhiteTeam "Mexico"]
[BlackTeam "Andorra"]
[WhiteTeamCountry "MEX"]
[BlackTeamCountry "AND"]

1. Nf3 g6 2. d4 Bg7 3. c4 d6 4. Nc3 Nd7 5. e4 e5 6. Be2 c6 7. 0-0 Nh6 8. dxe5 dxe5 9. Be3 Qe7 10. a3 0-0 11. b4 f5 12. c5 Nf7 13. Bc4 Kh8 14. exf5 gxf5 15. Re1 e4 16. Bd4 Nfe5 17. Nd2 Nxc4 18. Nxc4 Ne5 19. Nxe5 Bxe5 20. f4 Bg7 21. Re3 Be6 22. Rg3 Bf6 23. Bxf6+ Qxf6 24. Qc2 Rad8 25. Rd1 h6 26. Re3 Rxd1+ 27. Nxd1 Rd8 28. Nb2 Qd4 29. Kf2 Kh7 30. Ke2 Bf7 31. Qc3 Bh5+ 32. Ke1 Qd5 33. Qc1 Rg8 34. g3 Rd8 35. Nc4 Bf3 36. Ne5 Qa2 37. Nxf3 exf3 38. Rxf3 Qxh2 39. Qe3 Rd7 40. g4 Qc2 0-1

[Event "Olympiad-35"]
[Site "Bled"]
[Date "2002.10.27"]
[Round "2.3"]
[White "Gallego, Ruben"]
[Black "Mawed, Moussa"]
[Result "1-0"]
[WhiteElo "2269"]
[BlackElo "2186"]
[PlyCount "77"]
[EventDate "2002.10.26"]
[EventType "team-swiss"]
[EventRounds "14"]
[EventCountry "SLO"]
[SourceTitle "EXT 2003"]
[Source "ChessBase"]
[SourceDate "2002.11.25"]
[SourceVersion "1"]
[SourceVersionDate "2002.11.25"]
[SourceQuality "1"]
[WhiteTeam "Andorra"]
[BlackTeam "Palestine"]
[WhiteTeamCountry "AND"]
[BlackTeamCountry "PLE"]

1. e4 e6 2. d4 d5 3. e5 c5 4. dxc5 Nc6 5. Nf3 Bxc5 6. Bd3 f6 7. Qe2 fxe5 8. Nxe5 Nxe5 9. Qxe5 Nf6 10. 0-0 0-0 11. c4 Bd6 12. Qe2 Bd7 13. Nc3 Qc7 14. h3 Rac8 15. cxd5 exd5 16. Bg5 Rce8 17. Qd2 d4 18. Bxf6 gxf6 19. Nb5 Bxb5 20. Bxb5 Re5 21. Rac1 Rc5 22. Rxc5 Qxc5 23. Bd3 Qe5 24. g3 Qg5 25. Qe2 Qe5 26. Qf3 b6 27. Rc1 Kg7 28. Kg2 Bc5 29. Rc2 f5 30. Re2 Qf6 31. Bc4 Qg5 32. Qb7+ Kh8 33. f4 Qg7 34. Qd5 h5 35. h4 Qg4 36. Re6 Qg7 37. Qf3 d3 38. Qxh5+ Kg8 39. Re8+ 1-0

[Event "Andorra op 20th"]
[Site "Andorra"]
[Date "2002.07.07"]
[Round "2"]
[White "Gallego, Ruben"]
[Black "Dumitrache, Dragos Nicolae"]
[Result "0-1"]
[WhiteElo "2262"]
[BlackElo "2504"]
[PlyCount "60"]
[EventDate "2002.07.06"]
[EventType "swiss"]
[EventRounds "9"]
[EventCountry "AND"]
[SourceTitle "CBM 089 Extra"]
[Source "ChessBase"]
[SourceDate "2002.09.10"]
[SourceVersion "2"]
[SourceVersionDate "2002.09.10"]
[SourceQuality "1"]

1. e4 c6 2. d4 d5 3. Nc3 dxe4 4. Nxe4 Bf5 5. Ng3 Bg6 6. h4 h6 7. h5 Bh7 8. Nf3 Nd7 9. Bd3 Bxd3 10. Qxd3 Ngf6 11. Bd2 e6 12. 0-0-0 Qc7 13. Ne4 0-0-0 14. g3 Nc5 15. Nxc5 Bxc5 16. Bf4 Bd6 17. Bxd6 Rxd6 18. c4 c5 19. Qe2 cxd4 20. Rxd4 Rxd4 21. Nxd4 Rd8 22. Nb3 Rd5 23. Rh4 Qe5 24. Qf3 Qe1+ 25. Kc2 Rf5 26. Rf4 Rxf4 27. Qxf4 Qe4+ 28. Qxe4 Nxe4 29. Kd3 Nxf2+ 30. Ke2 Ng4 0-1

[Event "Andbanc Blitz"]
[Site "Andorra"]
[Date "2002.05.17"]
[Round "1.3"]
[White "De la Riva Aguado, Oscar"]
[Black "Gallego, Ruben"]
[Result "1-0"]
[WhiteElo "2496"]
[BlackElo "2273"]
[PlyCount "55"]
[EventDate "2002.05.17"]
[EventType "k.o. (blitz)"]
[EventRounds "2"]
[EventCountry "AND"]
[SourceTitle "CBM 088 Extra"]
[Source "ChessBase"]
[SourceDate "2002.07.01"]
[SourceVersion "2"]
[SourceVersionDate "2002.07.01"]
[SourceQuality "1"]

1. e4 c5 2. Nf3 e6 3. d4 cxd4 4. Nxd4 a6 5. Nc3 Qc7 6. g3 Nc6 7. Bg2 d6 8. 0-0 Nf6 9. Re1 Nxd4 10. Qxd4 Be7 11. b3 0-0 12. Bb2 Bd7 13. Rad1 Bc6 14. h3 Rfe8 15. g4 Bf8 16. Qd3 b5 17. Ne2 Qb7 18. Ng3 Nd7 19. f4 Nc5 20. Qe2 b4 21. Kh2 a5 22. Qf2 a4 23. Bd4 axb3 24. axb3 Ra2 25. Rd2 Qc7 26. Rc1 e5 27. fxe5 Ne6 28. Bb6 1-0

[Event "Martinenc"]
[Site "Martinenc"]
[Date "2001.01.14"]
[Round "7"]
[White "Gallego, Ruben"]
[Black "Jerez Perez, Alfonso"]
[Result "1-0"]
[WhiteElo "2298"]
[BlackElo "2460"]
[PlyCount "43"]
[EventDate "2001.01.08"]
[EventType "tourn"]
[EventRounds "11"]
[EventCountry "ESP"]
[EventCategory "5"]
[SourceTitle "CBM 080 Extra"]
[Source "ChessBase"]
[SourceDate "2001.03.08"]
[SourceVersion "1"]
[SourceVersionDate "2001.03.08"]
[SourceQuality "1"]

1. e4 e6 2. d4 d5 3. e5 c5 4. c3 Qb6 5. Nf3 Bd7 6. Be2 Bb5 7. c4 Bxc4 8. Bxc4 dxc4 9. d5 Ne7 10. dxe6 Qxe6 11. Nc3 Nd7 12. Nb5 0-0-0 13. Qd6 Qxd6 14. Nxd6+ Kc7 15. Nxf7 Ng6 16. Nxh8 Nxh8 17. Bf4 Ng6 18. Bg3 Re8 19. 0-0-0 Ndxe5 20. Nxe5 Nxe5 21. Rd5 Bd6 22. Rhd1 1-0

[Event "Martinenc"]
[Site "Martinenc"]
[Date "2001.01.10"]
[Round "3"]
[White "Buecker, Stefan"]
[Black "Gallego, Ruben"]
[Result "1-0"]
[WhiteElo "2346"]
[BlackElo "2298"]
[PlyCount "115"]
[EventDate "2001.01.08"]
[EventType "tourn"]
[EventRounds "11"]
[EventCountry "ESP"]
[EventCategory "5"]
[SourceTitle "CBM 080 Extra"]
[Source "ChessBase"]
[SourceDate "2001.03.08"]
[SourceVersion "1"]
[SourceVersionDate "2001.03.08"]
[SourceQuality "1"]

1. e4 c5 2. Bc4 e6 3. Nc3 Nc6 4. d3 Nf6 5. Nh3 d5 6. Bb3 dxe4 7. dxe4 Qxd1+ 8. Kxd1 Be7 9. f3 0-0 10. Be3 b6 11. Nf4 Bb7 12. Ke1 Rfd8 13. Kf2 Nd4 14. Bxd4 cxd4 15. Nb5 a6 16. Nc7 Rac8 17. Ncxe6 fxe6 18. Nxe6 Kh8 19. Nxd8 Rxd8 20. Rhd1 Bd6 21. g3 g5 22. h3 Nh5 23. Kg2 Be5 24. c3 d3 25. Bd5 Bxd5 26. Rxd3 Bxg3 27. Rxd5 Bd6 28. Kf1 Nf4 29. Rd2 Be7 30. Rxd8+ Bxd8 31. Rd1 Be7 32. Rd7 Bc5 33. b4 Be3 34. e5 Kg8 35. e6 Kf8 36. Rxh7 Bd2 37. Ra7 Bxc3 38. Rxa6 Bd4 39. a4 Ke7 40. a5 bxa5 41. bxa5 Nxh3 42. Rb6 Nf4 43. Rb7+ Kxe6 44. a6 Nd5 45. Kg2 Nf6 46. Kg3 Kf5 47. a7 Bxa7 48. Rxa7 Kg6 49. Ra5 Nh5+ 50. Kf2 Nf4 51. Ra8 Kf5 52. Rd8 Ne6 53. Rd5+ Kf4 54. Ra5 Nc7 55. Ra7 Nd5 56. Ra4+ Ke5 57. Ra5 Ke6 58. Kg3 1-0

[Event "Martinenc"]
[Site "Martinenc"]
[Date "2001.01.08"]
[Round "1"]
[White "Gonzalez Rodriguez, Jorge Armando"]
[Black "Gallego, Ruben"]
[Result "1-0"]
[WhiteElo "2376"]
[BlackElo "2298"]
[PlyCount "117"]
[EventDate "2001.01.08"]
[EventType "tourn"]
[EventRounds "11"]
[EventCountry "ESP"]
[EventCategory "5"]
[SourceTitle "CBM 080 Extra"]
[Source "ChessBase"]
[SourceDate "2001.03.08"]
[SourceVersion "1"]
[SourceVersionDate "2001.03.08"]
[SourceQuality "1"]

1. b3 Nf6 2. Bb2 g6 3. Bxf6 exf6 4. e3 Bg7 5. g3 f5 6. d4 0-0 7. Bg2 c6 8. Ne2 Na6 9. 0-0 Nc7 10. c4 d5 11. Nbc3 Be6 12. Qd3 Qd7 13. Nf4 Rad8 14. cxd5 Nxd5 15. Nfxd5 Bxd5 16. Bxd5 cxd5 17. Rac1 h5 18. Rc2 h4 19. Rfc1 Rfe8 20. Ne2 Re7 21. Rc5 Bh6 22. Nc3 Qe6 23. Nb5 f4 24. exf4 Qh3 25. Qf1 Qg4 26. Qd1 Qf5 27. Qc2 Qg4 28. Rc8 Ree8 29. Rxd8 Rxd8 30. Qc7 Rd7 31. Qe5 Bg7 32. Qe3 a6 33. Nc3 Bf6 34. f3 Qe6 35. Qf2 h3 36. Ne2 Re7 37. Kf1 Kg7 38. g4 Bh4 39. Ng3 Bxg3 40. hxg3 Qb6 41. Kg1 Qb5 42. Re1 Rxe1+ 43. Qxe1 Qd3 44. Qf2 Qd1+ 45. Kh2 f5 46. gxf5 gxf5 47. g4 Qc1 48. Kg3 Qh1 49. Qe2 Kf8 50. gxf5 Qg1+ 51. Kxh3 Qh1+ 52. Kg3 Qg1+ 53. Kh4 Qh1+ 54. Kg3 Qg1+ 55. Kh3 Qh1+ 56. Qh2 Qxf3+ 57. Kh4 Qe4 58. Kg5 Qxd4 59. f6 1-0

[Event "Andorra sim"]
[Site "Andorra"]
[Date "2001.??.??"]
[Round "?"]
[White "Shirov, Alexei"]
[Black "Gallego, Ruben"]
[Result "0-1"]
[WhiteElo "2718"]
[BlackElo "2298"]
[PlyCount "72"]
[EventDate "2001.??.??"]
[EventType "simul"]
[EventRounds "1"]
[EventCountry "AND"]
[SourceTitle "EXT 2003"]
[Source "ChessBase"]
[SourceDate "2002.11.25"]
[SourceVersion "1"]
[SourceVersionDate "2002.11.25"]
[SourceQuality "1"]

1. e4 c5 2. Nf3 e6 3. d4 cxd4 4. Nxd4 Nf6 5. Nc3 Bb4 6. e5 Nd5 7. Qg4 0-0 8. Bd2 d6 9. exd6 Nxc3 10. bxc3 Bxd6 11. Bd3 e5 12. Nf5 g6 13. 0-0 Nc6 14. Bh6 Re8 15. Rfe1 Qf6 16. Qh4 Qxh4 17. Nxh4 Be6 18. Nf3 f6 19. h4 Rac8 20. Nd2 Na5 21. f4 exf4 22. Ne4 Be5 23. Bxf4 Bxf4 24. Nxf6+ Kg7 25. Nxe8+ Rxe8 26. Re4 Bd2 27. Rd1 Bxc3 28. Bb5 Nc6 29. Rd3 Ba5 30. Bxc6 Bb6+ 31. Kh2 bxc6 32. g3 Bf7 33. Rxe8 Bxe8 34. g4 h5 35. Kg3 Kf6 36. Rf3+ Ke6 0-1

[Event "Olympiad-34"]
[Site "Istanbul"]
[Date "2000.11.05"]
[Round "8.3"]
[White "Gallego, Ruben"]
[Black "Hussein, Aziz Nezad"]
[Result "0-1"]
[WhiteElo "2313"]
[BlackElo "2350"]
[PlyCount "66"]
[EventDate "2000.10.28"]
[EventType "team-swiss"]
[EventRounds "14"]
[EventCountry "TUR"]
[SourceTitle "EXT 2001"]
[Source "ChessBase"]
[SourceDate "2000.11.22"]
[SourceVersion "1"]
[SourceVersionDate "2000.11.22"]
[SourceQuality "1"]
[WhiteTeam "Andorra"]
[BlackTeam "Iraq"]
[WhiteTeamCountry "AND"]
[BlackTeamCountry "IRQ"]

1. e4 e5 2. d4 exd4 3. Qxd4 Nc6 4. Qe3 Nf6 5. Nc3 Bb4 6. Bd2 0-0 7. 0-0-0 Re8 8. Bc4 d6 9. f3 Ne5 10. Bb3 c6 11. Nge2 Bc5 12. Qg5 b5 13. h4 a5 14. a4 b4 15. Na2 Ba6 16. Nf4 Bf2 17. Nh5 Nxh5 18. Qxh5 Qb6 19. Kb1 Be2 20. Rc1 c5 21. Bd5 Ra7 22. Qf5 c4 23. h5 h6 24. g4 Nxf3 25. Bxh6 gxh6 26. Qg6+ Kf8 27. Qxh6+ Ke7 28. Qg7 Bd4 29. Qxf7+ Kd8 30. Qg6 b3 31. cxb3 Nd2+ 32. Kc2 Qxb3+ 33. Kxd2 Qe3+ 0-1

[Event "Olympiad-34"]
[Site "Istanbul"]
[Date "2000.11.02"]
[Round "6.3"]
[White "Van der Nat, Nicholas P"]
[Black "Gallego, Ruben"]
[Result "1/2-1/2"]
[WhiteElo "2160"]
[BlackElo "2313"]
[PlyCount "57"]
[EventDate "2000.10.28"]
[EventType "team-swiss"]
[EventRounds "14"]
[EventCountry "TUR"]
[SourceTitle "EXT 2001"]
[Source "ChessBase"]
[SourceDate "2000.11.22"]
[SourceVersion "1"]
[SourceVersionDate "2000.11.22"]
[SourceQuality "1"]
[WhiteTeam "South Africa"]
[BlackTeam "Andorra"]
[WhiteTeamCountry "RSA"]
[BlackTeamCountry "AND"]

1. e4 c5 2. Nf3 e6 3. d4 cxd4 4. Nxd4 a6 5. Nc3 Qc7 6. Bd3 Nc6 7. Be3 Nf6 8. 0-0 Be7 9. f4 d6 10. Qf3 0-0 11. Qg3 Re8 12. Nf3 e5 13. f5 Nb8 14. Qh3 b5 15. g4 b4 16. Na4 Bb7 17. Nb6 Nxe4 18. Nxa8 Bxa8 19. g5 g6 20. fxg6 hxg6 21. Nd2 Nxd2 22. Bxg6 fxg6 23. Qe6+ Kh8 24. Qxg6 Qc6 25. Qh6+ Kg8 26. Qe6+ Kh8 27. Qh3+ Kg8 28. Qe6+ Kh8 29. Qh6+ 1/2-1/2

[Event "Olympiad-34"]
[Site "Istanbul"]
[Date "2000.10.30"]
[Round "3.2"]
[White "Kayle, Charles"]
[Black "Gallego, Ruben"]
[Result "0-1"]
[WhiteElo "2097"]
[BlackElo "2313"]
[PlyCount "88"]
[EventDate "2000.10.28"]
[EventType "team-swiss"]
[EventRounds "14"]
[EventCountry "TUR"]
[SourceTitle "EXT 2001"]
[Source "ChessBase"]
[SourceDate "2000.11.22"]
[SourceVersion "1"]
[SourceVersionDate "2000.11.22"]
[SourceQuality "1"]
[WhiteTeam "Palestine"]
[BlackTeam "Andorra"]
[WhiteTeamCountry "PLE"]
[BlackTeamCountry "AND"]

1. d4 g6 2. c4 Bg7 3. Nc3 d6 4. e4 Nd7 5. f4 e5 6. fxe5 dxe5 7. d5 Qh4+ 8. g3 Qe7 9. Nf3 Ngf6 10. Bg2 0-0 11. Qe2 a5 12. 0-0 Nc5 13. h3 b6 14. b3 Bd7 15. Bd2 c6 16. Rad1 cxd5 17. Nxd5 Nxd5 18. cxd5 Bc8 19. Qe3 Ba6 20. Rfe1 Nd3 21. Qxb6 Nxe1 22. Bxe1 Be2 23. d6 Qf6 24. Rd2 Bxf3 25. Rf2 Rfd8 26. Rxf3 Qxd6 27. Bxa5 Qxb6+ 28. Bxb6 Rd1+ 29. Rf1 Rxf1+ 30. Bxf1 Rxa2 31. Bc4 Bf8 32. Bf2 Kg7 33. Bd5 Bb4 34. Bc4 f5 35. exf5 gxf5 36. Bd3 Kf6 37. Bc4 Bc3 38. Kf1 Rb2 39. Bc5 h5 40. h4 Bd4 41. b4 Bxc5 42. bxc5 Rc2 43. Be2 Kg6 44. Kf2 Rxc5 0-1

[Event "Olympiad-34"]
[Site "Istanbul"]
[Date "2000.10.28"]
[Round "1.3"]
[White "Gallego, Ruben"]
[Black "Eingorn, Vereslav S"]
[Result "0-1"]
[WhiteElo "2313"]
[BlackElo "2586"]
[PlyCount "62"]
[EventDate "2000.10.28"]
[EventType "team-swiss"]
[EventRounds "14"]
[EventCountry "TUR"]
[SourceTitle "EXT 2001"]
[Source "ChessBase"]
[SourceDate "2000.11.22"]
[SourceVersion "1"]
[SourceVersionDate "2000.11.22"]
[SourceQuality "1"]
[WhiteTeam "Andorra"]
[BlackTeam "Ukraine"]
[WhiteTeamCountry "AND"]
[BlackTeamCountry "UKR"]

1. e4 g6 2. Nc3 Bg7 3. f4 c6 4. d4 d5 5. e5 f6 6. Be3 Nh6 7. Qe2 0-0 8. 0-0-0 fxe5 9. fxe5 Ng4 10. h3 Nxe3 11. Qxe3 Rf7 12. Nf3 Qf8 13. Kb1 Bh6 14. Qe1 Be6 15. Na4 Nd7 16. Qb4 Qb8 17. c4 Qc7 18. Nc3 Nb6 19. cxd5 Nxd5 20. Nxd5 cxd5 21. Bd3 Rc8 22. Qe1 Bf5 23. Bxf5 Rxf5 24. Qe2 e6 25. a3 Rf7 26. Rd3 Qc4 27. Rhd1 Rfc7 28. Qf2 Qb5 29. h4 Rc1+ 30. Rxc1 Rxc1+ 31. Ka2 Qxd3 0-1

[Event "La Pobla de Lillet op"]
[Site "La Pobla de Lillet"]
[Date "2000.??.??"]
[Round "5"]
[White "Komljenovic, Davorin"]
[Black "Gallego, Ruben"]
[Result "1-0"]
[WhiteElo "2514"]
[BlackElo "2313"]
[PlyCount "75"]
[EventDate "2000.08.??"]
[EventType "swiss"]
[EventRounds "9"]
[EventCountry "ESP"]
[SourceTitle "EXT 2001"]
[Source "ChessBase"]
[SourceDate "2000.11.22"]
[SourceVersion "1"]
[SourceVersionDate "2000.11.22"]
[SourceQuality "1"]

1. Nf3 g6 2. d4 Bg7 3. g3 d6 4. Bg2 Nd7 5. c4 e5 6. Nc3 Nh6 7. e4 0-0 8. 0-0 c6 9. Rb1 Qe7 10. Re1 a5 11. b3 Re8 12. h3 f6 13. Ba3 Nf7 14. Qd2 exd4 15. Nxd4 Nc5 16. f4 Bd7 17. Rbd1 Rad8 18. Kh2 Bc8 19. Bb2 Qc7 20. Nb1 Re7 21. Bc3 Rde8 22. Qc2 Nh6 23. Re2 f5 24. Nd2 fxe4 25. Nxe4 Nf5 26. Nxf5 Bxf5 27. Bxg7 Nxe4 28. Ba1 Nxg3 29. Rxe7 Qxe7 30. Qb2 Nh5 31. Qh8+ Kf7 32. Qxh7+ Kf8 33. Qh6+ Kf7 34. c5 Qh4 35. Qh7+ Kf8 36. Bg7+ Ke7 37. Be5+ Kd8 38. Rxd6+ 1-0

[Event "Escaldes"]
[Site "Escaldes"]
[Date "1999.09.19"]
[Round "9"]
[White "Ivanov, Jordan"]
[Black "Gallego, Ruben"]
[Result "1/2-1/2"]
[WhiteElo "2404"]
[BlackElo "2283"]
[PlyCount "30"]
[EventDate "1999.09.11"]
[EventType "tourn"]
[EventRounds "9"]
[EventCountry "AND"]
[EventCategory "5"]
[SourceTitle "EXT 2000"]
[Source "ChessBase"]
[SourceDate "1999.11.16"]
[SourceVersion "1"]
[SourceVersionDate "1999.11.16"]
[SourceQuality "1"]

1. d4 Nf6 2. c4 g6 3. Nc3 Bg7 4. e4 d6 5. Bd3 e5 6. d5 a5 7. Nge2 Na6 8. f3 h5 9. a3 Bd7 10. Rb1 h4 11. Bc2 Nh5 12. Ba4 Nc5 13. Bxd7+ Nxd7 14. Be3 Bh6 15. Bxh6 Rxh6 1/2-1/2

[Event "Escaldes"]
[Site "Escaldes"]
[Date "1999.09.18"]
[Round "8"]
[White "Gallego, Ruben"]
[Black "Chabanon, Jean Luc"]
[Result "1/2-1/2"]
[WhiteElo "2283"]
[BlackElo "2456"]
[PlyCount "120"]
[EventDate "1999.09.11"]
[EventType "tourn"]
[EventRounds "9"]
[EventCountry "AND"]
[EventCategory "5"]
[SourceTitle "EXT 2000"]
[Source "ChessBase"]
[SourceDate "1999.11.16"]
[SourceVersion "1"]
[SourceVersionDate "1999.11.16"]
[SourceQuality "1"]

1. e4 e5 2. d4 exd4 3. Qxd4 Nc6 4. Qe3 Nf6 5. Nc3 Be7 6. Bd2 d5 7. exd5 Nxd5 8. Qg3 0-0 9. 0-0-0 Bf6 10. Nf3 Nxc3 11. Bxc3 Qe7 12. Bxf6 Qxf6 13. Qxc7 Be6 14. a3 Rac8 15. Qg3 h6 16. Bd3 Na5 17. Qe5 Nb3+ 18. Kb1 Qxe5 19. Nxe5 Nc5 20. Rhe1 Nxd3 21. Nxd3 g5 22. Re5 Rfd8 23. Kc1 Kg7 24. Kd2 Rc4 25. b3 Rh4 26. h3 Kf6 27. Rde1 Rhd4 28. Rb5 b6 29. Re3 R4d6 30. g4 Bd7 31. Rbe5 Be6 32. a4 Rh8 33. a5 h5 34. f3 hxg4 35. fxg4 Kg6 36. axb6 axb6 37. Rb5 Bd7 38. Rb4 f5 39. Ke1 fxg4 40. Ne5+ Kg7 41. Nxg4 Rc8 42. c3 Bxg4 43. hxg4 Rc5 44. Rd4 Rxc3 45. Re7+ Kf6 46. Rxd6+ Kxe7 47. Rxb6 Rc2 48. Kd1 Rg2 49. Rb4 Kd6 50. Kc1 Kc5 51. Rc4+ Kb5 52. Re4 Kc5 53. Re5+ Kb4 54. Rxg5 Kxb3 55. Kd1 Kc4 56. Ke1 Kd4 57. Kf1 Ra2 58. Rf5 Ke4 59. Rf8 Ke5 60. g5 Ra6 1/2-1/2